000 00319nam a22001457a 4500
020 _a978817754982
041 _aENG
100 _aPrasad.S
245 _aProduction Technology of Fruit Crops
260 _aJodhpur
_bAgrobios ( India )
_c2015
300 _a414
650 _aAPE
700 _aBhardwaj.R.L
856 _uAOE
999 _c3209
_d3209